First 50 Powers of 2 - Statistics

General Stats
  • This quiz has been taken 79 times
  • The average score is 26 of 50
Answer Stats
Hint Answer % Correct
2^1 2
97%
2^2 4
97%
2^3 8
97%
2^7 128
94%
2^4 16
94%
2^8 256
94%
2^5 32
94%
2^9 512
94%
2^6 64
94%
2^10 1,024
91%
2^11 2,048
91%
2^12 4,096
91%
2^13 8,192
88%
2^14 16,384
81%
2^15 32,768
78%
2^16 65,536
78%
2^20 1,048,576
66%
2^17 131,072
66%
2^18 262,144
66%
2^19 524,288
66%
2^21 2,097,152
63%
2^22 4,194,304
63%
2^24 16,777,216
59%
2^23 8,388,608
59%
2^27 134,217,728
53%
2^28 268,435,456
53%
2^25 33,554,432
53%
2^29 536,870,912
53%
2^26 67,108,864
53%
2^30 1,073,741,824
47%
2^31 2,147,483,648
44%
2^32 4,294,967,296
38%
2^34 17,179,869,184
34%
2^33 8,589,934,592
34%
2^35 34,359,738,368
28%
2^36 68,719,476,736
25%
2^37 137,438,953,472
22%
2^38 274,877,906,944
22%
2^39 549,755,813,888
16%
2^40 1,099,511,627,776
9%
2^50 1,125,899,906,842,624
9%
2^47 140,737,488,355,328
9%
2^44 17,592,186,044,416
9%
2^41 2,199,023,255,552
9%
2^48 281,474,976,710,656
9%
2^45 35,184,372,088,832
9%
2^42 4,398,046,511,104
9%
2^49 562,949,953,421,312
9%
2^46 70,368,744,177,664
9%
2^43 8,796,093,022,208
9%
No matching quizzes found
Score Distribution
Percent of People with Each Score
Percentile by Number Answered
Your Score History
You have not taken this quiz